El diablo cojuelo (Record no. 163811)

MARC details
000 -LEADER
campo de control de longitud fija 00736nam a22001815i 4500
001 - NÚMERO DE CONTROL
campo de control 163811
003 - IDENTIFICADOR DE NÚMERO DE CONTROL
campo de control ES-MaACL
005 - FECHA Y HORA DE LA ÚLTIMA TRANSACCIÓN
campo de control 20250929063239.0
008 - DATOS DE LONGITUD FIJA--INFORMACIÓN GENERAL
campo de control de longitud fija 050719s1879 sp | |||||||| ||spa d
040 ## - FUENTE DE CATALOGACIÓN
Centro catalogador/agencia de origen CAM
Lengua de catalogación spa
Centro/agencia transcriptor CAM
100 1# - ENTRADA PRINCIPAL--NOMBRE DE PERSONA
Nombre de persona Rodríguez Rubí, Tomás,
Fechas asociadas al nombre 1817-1890
9 (RLIN) 131953
245 13 - MENCIÓN DEL TÍTULO
Título El diablo cojuelo
Resto del título : comedia en un acto /
Mención de responsabilidad, etc. por Tomás Rodríguez Rubí.
260 ## - PUBLICACIÓN, DISTRIBUCIÓN, ETC.
Lugar de publicación, distribución, etc. Madrid :
Nombre del editor, distribuidor, etc. [Manuel Pedro Delgado],
Fecha de publicación, distribución, etc. 1879 (
Fabricante Establecimiento tipográfico de E. Cuesta)
300 ## - DESCRIPCIÓN FÍSICA
Extensión 31 p. ;
Dimensiones 18 cm.
594 ## - Nota al título y mención de responsabilidad
Nota al título y mención de responsabilidad En port. consta: "M.P.D."
852 ## - LOCALIZACIÓN
Ubicación ES-MaACL
Número de control de estantería F-8586(6)
Nota libre -- Enc. pasta española
-- -- Enc. en un vol. facticio, formando parte de la col.: "Teatro español moderno", vol. 39
Holdings
Estatus retirado Estado de pérdida Estado de daño No para préstamo Colección Biblioteca de origen Biblioteca actual Ubicación en estantería Fecha de adquisición Total de préstamos Signatura topográfica completa Código de barras Visto por última vez Precio de reemplazo Tipo de ítem Koha
        Libros del s. XIX Biblioteca del Ateneo de Madrid Biblioteca del Ateneo de Madrid Sala Pecera Planta 2 17/01/2008   F-8586(6) 1171672 23/02/2023 23/02/2023 Libro impreso antiguo